000 00856nam a22002657a 4500
003 OSt
005 20250414132858.0
007 ta
008 250414b bl ||||| |||| 00| 0 por d
020 _a9786554190251
_q(encad.)
040 _bpor
_cOSt
041 0 _apor
_hpor
082 _a658.7
_bO48a
100 1 _aOliveira, Eliane Vendramini de
_985
210 _2Algoritmos evolutivos
245 1 0 _aAlgoritmos evolutivos :
_baplicação em problema de carregamento de container /
260 _aSão Paulo :
_bEditora Brilho Coletivo,
_c2022.
300 _a167 p. :
_bil. ;
_c21 cm
504 _aBibliografia: p. 159-163
650 0 4 _aAlgoritmos evolutivos
650 0 4 _aCargas e descargas-Manuseio-Medidas de segurança
650 0 4 _aTransporte de cargas-Brasil
650 0 4 _aTransporte marítimo-Regulamentos de segurança
942 _2ddc
_cLIV
_n0
999 _c365
_d365